| 000 | 01246nam a22004217a 4500 | ||
|---|---|---|---|
| 003 | OSt | ||
| 005 | 20140310182822.0 | ||
| 008 | 970529s1998 njuaf 001 0 eng c | ||
| 010 | _a 97023061 | ||
| 020 | _a9814058270 | ||
| 040 |
_aDNLM/DLC _cDLC _dDLC |
||
| 050 | 0 | 0 |
_aQD 33 _b.Sa121 1998 |
| 082 | 0 | 0 |
_aM 540 _bSa1 1998 |
| 100 | 1 | _aSackheim, George I. | |
| 245 | 1 | 0 |
_aChemistry for the health sciences _cSackheim, George I. |
| 250 | _a8th ed. | ||
| 260 |
_aUpper Saddle River, N.J. _bPrentice-Hall _cc1998 |
||
| 300 |
_a643 p., 8 p. of plates _bill. (some col.) _c26 cm. |
||
| 500 | _aIncludes index. | ||
| 521 | _a Highschool to College student | ||
| 526 | _c 0L to 1700L | ||
| 541 | _j1 | ||
| 541 | _j2 | ||
| 541 | _j3 | ||
| 541 | _j4 | ||
| 541 | _j5 | ||
| 541 | _j6 | ||
| 562 | _e6 | ||
| 650 | 0 | _aChemistry. | |
| 650 | 0 | _aMedicine. | |
| 650 | 1 | 2 | _aBiochemistry. |
| 650 | 2 | 2 | _aChemistry, Inorganic. |
| 650 | 2 | 2 | _aChemistry, Organic. |
| 700 | 1 | _aLehman, Dennis D. | |
| 906 |
_a7 _bcbc _corignew _d1 _eocip _f19 _gy-gencatlg |
||
| 942 |
_2lcc _cBK _kM |
||
| 999 |
_c16428 _d16428 |
||